[Event "FRA-ch op-D"]
[Site "Caen"]
[Date "2011.08.17"]
[Round "2"]
[White "Lenen, Pierre"]
[Black "Truphemus, Serge"]
[Result "0-1"]
[WhiteElo "1391"]
[BlackElo "1499"]
[PlyCount "96"]
[EventDate "2011.08.16"]
[EventType "swiss"]
[EventRounds "9"]
[EventCountry "FRA"]
[SourceTitle "EXT 2012"]
[Source "ChessBase"]
[SourceDate "2011.11.24"]
[SourceVersion "1"]
[SourceVersionDate "2011.11.24"]
[SourceQuality "1"]

1. e4 e5 2. Nf3 Nc6 3. Bc4 Nf6 4. d3 Bc5 5. c3 Be7 6. Nbd2 d5 7. exd5 Nxd5 8. Ne4 Bg4 9. Ng3 h6 10. h3 Be6 11. 0-0 Bg5 12. Re1 Bxc1 13. Rxc1 f6 14. Bb3 Qe7 15. d4 0-0-0 16. Qe2 Nf4 17. Bxe6+ Qxe6 18. Qe4 g5 19. dxe5 fxe5 20. Qf5 Qxf5 21. Nxf5 Nd3 22. Rcd1 Nxe1 23. Rxe1 Rde8 24. Re4 b5 25. Ne3 Re6 26. Nf5 Rh7 27. N3d4 Nxd4 28. Nxd4 Rb6 29. Rxe5 a6 30. Kf1 Kd7 31. Ke2 Re7 32. Rxe7+ Kxe7 33. Nf5+ Kf7 34. Ne3 Ke6 35. b3 c5 36. c4 b4 37. Nd5 Rb7 38. Ke3 Rf7 39. f4 gxf4+ 40. Nxf4+ Ke5 41. Nd3+ Kd6 42. Nf2 Re7+ 43. Kd2 h5 44. Nd3 h4 45. Nf4 Rg7 46. Ke3 Ke5 47. Nd3+ Kd6 48. Kf3 Rg3+ 0-1